| 000 | 00526nam a22001697a 4500 | ||
|---|---|---|---|
| 005 | 20231106082533.0 | ||
| 008 | 231106b |||||||| |||| 00| 0 eng d | ||
| 041 | _aEnglish | ||
| 082 | _a346.6 BUC | ||
| 100 |
_aLindon, JB _lEnglish |
||
| 245 |
_aBuckley on the Companies Acts / _cJB Lindon |
||
| 250 | _aThirteenth Edition | ||
| 260 |
_aLondon : _bButterworth and Company Publishers Ltd, _c1957 |
||
| 300 |
_bccxxx, 1230 pages ; _c26 cm. |
||
| 650 |
_aLegal practice _bLaw |
||
| 942 |
_cBK _6ALISON_BN_VRIES |
||
| 999 |
_c295 _d295 |
||